LEADER 01843nam0 22003973i 450 001 MIL0072831 005 20251003044221.0 010 $a8877864036 100 $a19940705d1989 ||||0itac50 ba 101 | $aita 102 $ait 181 1$6z01$ai $bxxxe 182 1$6z01$an 183 1$6z01$anc$2RDAcarrier 200 1 $aMomenti di svolta nel pensiero economico$eseminari di storia del pensiero economico, a. a. 1988-89$fA. Agnati ... \et al.!$ga cura di Cosimo Perrotta 210 $aGalatina$cCongedo$d1989 215 $a90 p.$d24 cm. 225 | $aItinerari di ricerca storica$i. Supplementi$v1 410 0$1001UFI0088937$12001 $aItinerari di ricerca storica$i. Supplementi$v1$171201$aUniversitą degli studi$c $b : Dipartimento di studi storici dal Medioevo all'etą contemporanea$3CFIV087500 606 $aEconomia$xTeorie$xStoria$2FIR$3CFIC000469$9E 676 $a330$9ECONOMIA$v23 676 $a330.15$9SCUOLE DI PENSIERO ECONOMICO$v22 696 $aEconomia reale$aAttivitą economiche$aAspetti economici 699 $aEconomia$yEconomia reale 699 $aEconomia$zAttivitą economiche 699 $aEconomia$zAspetti economici 702 1$aAgnati$b, Achille$3CFIV029831 702 1$aPerrotta$b, Cosimo$3RAVV064845 801 3$aIT$bIT-000000$c19940705 850 $aIT-BN0095 901 $bNAP 01$cPOZZO LIB.$nVi sono collocati fondi di economia, periodici di ingegneria e scienze, periodici di economia e statistica e altri fondi comprendenti documenti di economia pervenuti in dono. 912 $aMIL0072831 950 0$aBiblioteca Centralizzata di Ateneo$c1 v.$d 01POZZO LIB.DONI DEMM 8$e 01 0000091655E VMA 1 v.$fB $h20221201$i20221201 977 $a 01 996 $aMomenti di svolta nel pensiero economico$9511710 997 $aUNISANNIO